00224 a2200097 450000100060000008200170000610000150002324500470003826000250008530000160011012601 a515.3521 KUZ aKuzmin,G.A aBoundary value problems for transient flow aNYbJohn Wileyc2002 axii, 304 p.